| 000 | 00670nam a2200217 a 4500 | ||
|---|---|---|---|
| 999 |
_c2467 _d2467 |
||
| 001 | 2467 | ||
| 003 | BD-JhCC | ||
| 005 | 20171109131243.0 | ||
| 008 | 171102s1983 bg |||| |||| 000 0 ben d | ||
| 035 | _a(BD-JhCC)2467 | ||
| 040 |
_aBD-JhCC _dBD-JhCC |
||
| 041 | _aben | ||
| 082 |
_a891.4409 _bAZA 1983 |
||
| 100 | _aআজাদ, হুমায়ুন | ||
| 245 |
_aশামসুর রহমান নিঃসঙ্গ শেরপা / _cহুমায়ুন আজাদ, |
||
| 260 |
_aঢাকা : _bবাংলা একাডেমী, _c1983. |
||
| 300 |
_a243 p. : _c22 cm. |
||
| 650 | _aBengali Literature | ||
| 942 |
_2ddc _cBK |
||